States That Consume the Least Amount of Alcohol - Statistics

General Stats
  • This quiz has been taken 37 times
  • The average score is 4 of 5
Answer Stats
US State % Correct
Utah
82%
Alabama
79%
Tennessee
74%
Mississippi
68%
Georgia
65%
No matching quizzes found
Score Distribution
Percent of People with Each Score
Percentile by Number Answered
Your Score History
You have not taken this quiz